UBT Library

Pharmacology: (Record no. 2429)

000 -LEADER
fixed length control field 00324nam a22001337a 4500
008 - FIXED-LENGTH DATA ELEMENTS--GENERAL INFORMATION
fixed length control field 160526b xxu||||| |||| 00| 0 eng d
020 ## - INTERNATIONAL STANDARD BOOK NUMBER
International Standard Book Number 9780781771559
020 ## - INTERNATIONAL STANDARD BOOK NUMBER
International Standard Book Number 9780781771559
020 ## - INTERNATIONAL STANDARD BOOK NUMBER
International Standard Book Number 0781771552
041 ## - LANGUAGE CODE
Language code of text/sound track or separate title eng
080 ## - UNIVERSAL DECIMAL CLASSIFICATION NUMBER
Universal Decimal Classification number 615
245 ## - TITLE STATEMENT
Title Pharmacology:
Statement of responsibility, etc Richaed A. Harvey; Pamela C. hampe;
942 ## - ADDED ENTRY ELEMENTS (KOHA)
Source of classification or shelving scheme
Item type Books
Holdings
Withdrawn status Lost status Damaged status Not for loan Date acquired Total Checkouts Date last seen Price effective from Koha item type Source of classification or shelving scheme Collection code Permanent location Current location Shelving location Full call number Barcode
        05/26/2016   05/26/2016 05/26/2016 Books              
        05/26/2016   05/26/2016 05/26/2016 Books   Koleksioni i përgjithshem UBT - Lipjan UBT - Lipjan Koleksioni i përgjithshem 615 HAR 002-035966
UBT Library © 2015-2024. All rights reserved University Education for Business and Technology